| 000 | 00749nas a2200253 4500 | ||
|---|---|---|---|
| 001 | BR7302165 | ||
| 003 | BR-BrBNA | ||
| 005 | 20231205082420.0 | ||
| 007 | ta | ||
| 008 | 230509b bl.|||p| |||| 00| 00por d | ||
| 040 |
_aBR-BrBNA _bpor _cBiblioteca Nacional de Agricultura |
||
| 041 | _a(Pt) | ||
| 072 | _aH20 | ||
| 100 | 1 | _aKitajima, E.W. | |
| 100 | 1 | _aCosta, A.S. | |
| 245 | 1 | _aEvidencia electrono-microscopica de multiplicacao dos virus do mosaico do fumo e de vira-cabeca, em tecido foliar de cafeeiro | |
| 650 | _aCAFE | ||
| 650 | _aVIRUS | ||
| 650 | _aMOSAICO | ||
| 650 | _aVIRA-CABECA | ||
| 773 | 0 |
_tBragantia (Brazil) _x _g(Aug 1970), v. 29 p. 402-414 _wBR7302165 |
|
| 909 |
_a202311 _bLúcia _c55 _dLúcia Elande |
||
| 942 |
_2AGRIS _n0 _cANA |
||
| 999 |
_c91610 _d91610 |
||